000 nam a22 7a 4500
999 _c8606
_d8606
008 180118b ||||| |||| 00| 0 eng d
100 _aNIIT
_94982
245 _aThe Complete IT Program for School
260 _bNIIT
_c2005